2020 Bestselling Video Games - Statistics

General Stats
  • This quiz has been taken 9 times
  • The average score is 3 of 10
Answer Stats
Units Sold Game % Correct
12,700,000 Among Us
89%
25,250,000 Call of Duty: Modern Warfare
56%
31,800,000 Animal Crossing: New Horizons
44%
20,000,000 Grand Theft Auto V
44%
10,450,000 Mario Kart 8 Deluxe
33%
11,000,000 Fall Guys
22%
25,000,000 FIFA 20
22%
13,000,000 Cyberpunk 2077
11%
8,000,000 NBA 2K21
0%
8,320,000 Super Mario 3D All-Stars
0%
No matching quizzes found
Score Distribution
Percent of People with Each Score
Percentile by Number Answered
Your Score History
You have not taken this quiz